000 00839nam a2200277Ia 4500
003 OSt
005 20220925185200.0
006 a|||||r|||| 00| 0
007 ta
008 220923b |||||||| |||| 00| 0 hin d
020 _cRs 46.00
037 _cGeneral Book
040 _aRTL
_cRTL
_bhin
041 _2hin
_ahin
082 _aV243,1y7L80, M0
100 _aGrewal J S
_924775
245 0 _aMaharaja Ranjit Singh and his times
260 _aAmritsar
_bGuru Nanak Dev University
_c1980
300 _axv, 264,32p
_ccm.
490 _aGuru Nanak Dev University, History (Deptt of-), Publication
500 _aBibliography chapterwise
650 _aHistory of Punjab
_9230383
700 _a Banga Indu Ed.
942 _hV243,1y7L80, M0
_cGB
_2CC
999 _c510112
_d510112